01011nam a2200301 i 4500001000300000003000400003005001700007008003900024020001600063020001600079040000800095041001300103080000800116080001100124100004800135245010000183246002700283250002300310260004800333300003000381500003100411655003000442650001300472710003400485700004200519700005000561856009800611bgBPK20230208105411.0 s1999 pl f f |000 0 pol a8301119063  a8301116226  cBPK1 apolheng a330 a075.8)1 aSamuelson, Paul Anthonyd(1915-2009)eAutor10aEkonomia.nT. 2 /cPaul A. Samuelson, William D. Nordhaus ; przekł. Jacek Kochanowicz [et al.] iTyt. oryg.:aEconomics a[Wyd. 1, dodr. 2]. aWarszawa :bWydawnictwo Naukowe PWN,c1999. a547 s. :bwykr. ;c25 cm. aOryg. : "Economics". 1985. 4aPodręczniki akademickie 4aEkonomia2 aWydawnictwo Naukowe PWN4pbl.1 aNordhaus, William D.d(1941- )eAutor1 aKochanowicz, Jacekd(1946-2014)eTłumaczenie uhttp://koha.tu.koszalin.pl/cgi-bin/koha/opac-detail.pl?biblionumber=53336yKatalog online BPK